000 00591 a2200193 4500
003 NUST
005 20230126153222.0
010 _a55007246
040 _cNust
082 _a909.561,LEW
100 _aLewis, Geoffrey,
_9107808
245 _aTurkey /
_cG.L. Lewis
260 _aF.A. Praeger
_bNew York
_c1955
300 _a222 p.;
_b [1] folded leaf of plates
_cmap
_e23 cm
505 _aPart-1: The-2: Story of the Turkish Republic (Page-17), Part-2: Aspects of Modern Turkey (Page-153).
600 _aLewis, Geoffrey,
_9107808
650 _aTurkey
_9107809
942 _2ddc
_cBK
_k909.561,LEW
999 _c186192
_d186192